Newsrooms in conflict : journalism and the democratization of Mexico /

Shranjeno v:
Bibliografske podrobnosti
Glavni avtor: Hughes, Sallie.
Format: Neznan
Izdano: Pittsburgh, PA : University of Pittsburgh Press, c2006.
Serija:Pitt Latin American series
Teme:
TKA
Oznake: Označite
Brez oznak, prvi označite!
Thư viện lưu trữ: Mạng thư viện Đại học Đà Nẵng
LEADER 01361na a2200337 4500
001 000032773
003 8894
005 20240926143946.0
008 151002s2006 000
020 |a 0822959283 (cloth : alk. paper) 
020 |a 9780822959281 
040 |a lnn  |c lnn  |d lnn 
082 0 0 |a 302.230972  |b HU-S 
100 1 |a Hughes, Sallie. 
245 1 0 |a Newsrooms in conflict :  |b journalism and the democratization of Mexico /  |c Sallie Hughes. 
260 |a Pittsburgh, PA :  |b University of Pittsburgh Press,  |c c2006. 
300 |a x, 286 p. :  |b ill. ;  |c 24 cm. 
440 0 |a Pitt Latin American series 
504 |a Includes bibliographical references (p. 261-278) and index. 
650 0 |a Journalism  |x Political aspects  |z Mexico  |x History  |y 20th century. 
650 0 |a Journalism  |x Social aspects  |z Mexico  |x History  |y 20th century. 
650 0 |a Press and politics  |z Mexico  |x History  |y 20th century. 
653 |a TKA 
OWN |a LNN 
AVA |a UDN50  |b LNN  |c English  |d 302.230972HU-S  |e available  |t Error 5001 Not defined in file expand_doc_bib_avail.  |f 2  |g 0  |h N  |i 0  |j AN  |k 1 
999 |a From the UDN01 
AVA |a UDN50  |b LNN  |c English  |d 302.230972HU-S  |e available  |t Error 5001 Not defined in file expand_doc_bib_avail.  |f 2  |g 0  |h N  |i 0  |j AN  |k 1 
TYP |a Printed language 
980 |a Mạng thư viện Đại học Đà Nẵng